Beküldött könyvek
Elmentve itt :
| Dokumentumtípus: | Cikk |
|---|---|
| Megjelent: |
1903
|
| Sorozat: | Magyar pedagógia : a Magyar Tudományos Akadémia Pedagógiai Bizottságának folyóirata
12 |
| Kulcsszavak: | Pedagógiai szakirodalom 1903 |
| Online Access: | http://misc.bibl.u-szeged.hu/7870 |
| LEADER | 00579nab a2200169 i 4500 | ||
|---|---|---|---|
| 001 | misc7870 | ||
| 005 | 20191106144023.0 | ||
| 008 | 170607s1903 hu o 0|| hun d | ||
| 022 | |a 0025-0260 | ||
| 040 | |a SZTE Miscellanea Repozitórium |b hun | ||
| 041 | |a hun | ||
| 245 | 0 | 0 | |a Beküldött könyvek |h [elektronikus dokumentum] |
| 260 | |c 1903 | ||
| 300 | |a 191 | ||
| 490 | 0 | |a Magyar pedagógia : a Magyar Tudományos Akadémia Pedagógiai Bizottságának folyóirata |v 12 | |
| 695 | |a Pedagógiai szakirodalom 1903 | ||
| 856 | 4 | 0 | |u http://misc.bibl.u-szeged.hu/7870/1/mp_1903_191.pdf |z Dokumentum-elérés |